Notas para una historia del movimiento obrero en la marina mercante española / Juan Zamora Terrés
ISBN:
84-95935-03-1
Descripción Física:
365 p. ; 24 cm
Colección:
Estudis ; 3 (E3)
Otros Autores:
Museu Marítim (Barcelona)
MARC
| LEADER | 00000nam a2200000Ia 4500 | ||
|---|---|---|---|
| 001 | 15270 | ||
| 008 | 160829s9999 xx 000 0 cat d | ||
| 020 | |a 84-95935-03-1 | ||
| 080 | |a M-4-294 | ||
| 100 | |a Zamora Terrés, Juan |9 25487 | ||
| 245 | |a Notas para una historia del movimiento obrero en la marina mercante española / Juan Zamora Terrés | ||
| 260 | |a [Barcelona] : |b Museu Marítim de Barcelona, DL 2003 | ||
| 300 | |a 365 p. ; |c 24 cm | ||
| 490 | |a Estudis ; 3 (E3) | ||
| 590 | |a Notes, referències bibliogràfiques, bibliografia | ||
| 650 | |a Marina mercant |x Espanya |x Història |9 25488 | ||
| 650 | |a Moviment obrer |x Espanya |x Història |9 20413 | ||
| 700 | |a Museu Marítim (Barcelona) | ||
| 901 | |a Arxiu | ||
| 942 | |n 1 | ||
| 952 | |0 0 |1 0 |4 0 |6 M4294 |7 1 |9 43642 |a Arxiu |b Arxiu |d 2016-12-01 |l 0 |o M-4-294 |p 15270 |r 2016-12-01 00:00:00 |w 2016-12-01 |y ARXIU | ||
| 999 | |c 46190 |d 46190 | ||